01467nam a2200337 i 4500003000900000005001700009007000300026008004100029020001500070040003000085082002400115100003900139245011300178250002200291264011700313300007100430336002700501337003300528338002800561500007300589500007600662500003400738504003200772600005800804650005100862651004700913700004300960700003801003700004101041700004701082DO-SdBNP20240904145143.0ta240829b2013 dr ac||| |||| 00| 0 spa d a9945014005 aDO-BNPHUbspacBNPHUerda 4a972.9305bF363c2221 aFernández, Arlette,eautor4aut.10aCoronel Rafael Fernández Domínguez :bsoldado del pueblo y militar de la libertad /cArlette Fernández atercera edición 1aSanto Domingo, Republica Dominicana :bFundación Coronel Rafael Tomás Fernández Domínguez, Inc., c2013. axxi, 442, xxv-xxxix páginas :bilustraciones, retratos ;c27 cm. 2rdacontentatextobtxt 2rdamediaasin mediaciónbn 2rdacarrieravolumenbnc aIncluye referencias bibliográficas y notas al pie de las páginas aIncluye datos biográficos del autor en la solapa de la contracubierta aIncluye índice onomástico aBibliografía: p. xxv-xxvi14a Fernández Domínguez, Rafael Tomás,d1934-1965. 4aSoldadoszRepública DominicanavBiografías 4aRepública DominicanaxHistoriaySiglo XX1 aCampos, Juan Carlos,ecorrector4corr.1 4tr.aPeña, Hinya de,etraductor1 aCarrión, Danielle,etraductor4tr.1 aFloripe Jiménez, Ana de,etraductor4tr.